Dombey and son / (Record no. 20138)
[ view plain ]
| 000 -LEADER | |
|---|---|
| fixed length control field | 01004cam a2200301u 4500 |
| 001 - CONTROL NUMBER | |
| control field | 20138 |
| 003 - CONTROL NUMBER IDENTIFIER | |
| rucl marc code | BD-RjUL |
| 005 - DATE AND TIME OF LATEST TRANSACTION | |
| control field | 20211209000527.0 |
| 008 - FIXED-LENGTH DATA ELEMENTS--GENERAL INFORMATION | |
| fixed length control field | 140226s1894 xx f 000 0 eng |
| 035 ## - SYSTEM CONTROL NUMBER | |
| System control number | (BD-RjUL)20200 |
| 040 ## - CATALOGING SOURCE | |
| Original cataloging agency | DLC |
| Transcribing agency | CarP |
| Modifying agency | DLC |
| -- | BD-RjUL |
| Language of cataloging | eng |
| 041 ## - LANGUAGE CODE | |
| Language code of text/sound track or separate title | eng |
| 082 ## - DEWEY DECIMAL CLASSIFICATION NUMBER | |
| Classification number | 823 |
| Author mark and year | DID |
| 100 1# - MAIN ENTRY--PERSONAL NAME | |
| Personal name | Dickens, Charles, |
| Dates associated with a name | 1812-1870. |
| 9 (RLIN) | 62057 |
| 245 10 - TITLE STATEMENT | |
| Title | Dombey and son / |
| Number of part/section of a work | Volume.I. |
| 260 ## - PUBLICATION, DISTRIBUTION, ETC. (IMPRINT) | |
| Place of publication, distribution, etc. | Boston and New York, |
| Name of publisher, distributor, etc. | Houghton Mifflin company |
| Date of publication, distribution, etc. | [1894] |
| 300 ## - PHYSICAL DESCRIPTION | |
| Pagination | 522 p. : |
| Illustrations | fronts., plates. ; |
| Size | 21 cm. |
| 650 #0 - SUBJECT ADDED ENTRY--TOPICAL TERM | |
| Topical term or geographic name as entry element | Family-owned business enterprises |
| Form subdivision | Fiction. |
| 9 (RLIN) | 62012 |
| Topical term or geographic name as entry element | Fathers and daughters |
| Form subdivision | Fiction. |
| 9 (RLIN) | 42370 |
| Topical term or geographic name as entry element | Dysfunctional families |
| Form subdivision | Fiction. |
| 9 (RLIN) | 62013 |
| Topical term or geographic name as entry element | Businesspeople |
| Form subdivision | Fiction. |
| 9 (RLIN) | 62014 |
| 651 #0 - SUBJECT ADDED ENTRY--GEOGRAPHIC NAME | |
| Geographic name | England |
| Form subdivision | Fiction. |
| 9 (RLIN) | 62058 |
| 700 1# - ADDED ENTRY--PERSONAL NAME | |
| Personal name | Whipple, Edwin Percy, |
| Dates associated with a name | 1819-1886, [from old catalog] |
| Relator term | ed. |
| 942 ## - ADDED ENTRY ELEMENTS (KOHA) | |
| Source of classification or shelving scheme | Dewey Decimal Classification |
| Koha item type | Books |
| Lost status | Source of classification or shelving scheme | Damaged status | Not for loan | Collection code | Permanent Location | Current Location | Shelving location | Date acquired | Source of acquisition | Cost, normal purchase price | Total Checkouts | Full call number | Date last seen | Copy number | Koha item type |
|---|---|---|---|---|---|---|---|---|---|---|---|---|---|---|---|
| Dewey Decimal Classification | Not For Loan | Fiction | Central Library, University of Rajshahi | Central Library, University of Rajshahi | Reading Room | 20/11/1956 | B.H Blackwell LTD | 14.00 | 823 DID V-2 1894 | 26/02/2014 | C-1 | Books | |||
| Dewey Decimal Classification | Fiction | Central Library, University of Rajshahi | Central Library, University of Rajshahi | 20/11/1956 | Black well | 14.00 | 823 DID 1894 | 27/02/2014 | C-2 | Books |